Zbierka príkladov zo základov teórie štatistiky učebná pomôcka pre internú potrebu poslucháčov VŠE

Podrobná bibliografia
Hlavný autor: Senčák, Michal (Autor)
Médium: Kniha
Jazyk:slovenčina
Fyzický popis:155 s. grafy, tab. 4°
Vydavateľské údaje: Bratislava Vysoká škola ekonomická 1971
Vydanie:2. vyd.
Edícia:Vysokoškolské skriptá
Predmet:

MARC

LEADER 00000cam a2200000 a 4500
001 vtls008330093
003 SK-MaSNL
005 20260301050152.0
008 230403s1971 xo a e n 000 0 slo
015 |a SNBA1971/01-00053 
035 |a SK01SNK19710022310 
035 |a urn:nbn:sk:snk-aml91j 
035 |a urn:nbn:sk:snk-am008rzq 
035 |a 43472188-D1D5-49D2-8512-FAF245D91AE2 
035 |a SKM000024773 
040 |a SNK  |b slo  |c SNK  |e AACR2 
041 0 |a slo 
044 |a xo  |c SK 
080 |a 311(075.8)  |2 1981 
245 0 0 |a Zbierka príkladov zo základov teórie štatistiky  |b učebná pomôcka pre internú potrebu poslucháčov VŠE  |c autori: Michal Senčák ... [et al.] 
250 |a 2. vyd. 
260 |a Bratislava  |b Vysoká škola ekonomická  |c 1971 
300 |a 155 s.  |b grafy, tab.  |c 4° 
366 |e 400 výt. 
490 1 |a Vysokoškolské skriptá 
504 |a Bibliogr. odkazy 
650 0 7 |a štatistika  |2 SNKPH  |9 778 
655 7 |a učebnice vysokých škôl  |2 SNKPH  |9 70191 
700 1 |a Senčák, Michal  |4 aut  |9 337700 
810 2 |a Vysoká škola ekonomická v Bratislave  |t Vysokoškolské skriptá  |9 222320 
830 0 |a Vysokoškolské skriptá  |9 276440 
852 |a Slovenská národná knižnica 
954 |a odborná, vedecká literatúra pôvodná (slovenská)  |2 lita 
958 |a OND 
958 |a NB 
958 |a EUIPO 
999 |c 600321  |d 602251 
952 |a SNK  |b SNK  |y PREZ  |7 0  |p 17A0809028  |o snkSB 16720  |i snkKSP 1699/71  |0 0  |1 0  |4 0  |d 2012-07-24  |f 1  |l 0  |r 2025-03-18 00:00:00  |w 2026-02-23 
952 |a SNK  |b SNK  |y VYP  |7 0  |o snkSB 16720 D2  |i snkD 1911/76  |8 1  |0 0  |1 0  |4 0  |d 2014-12-19  |l 0  |r 2026-02-23 15:52:15  |w 2026-02-23 
952 |t P60, <04>, [BOOK], {604}  |a SNK  |b SNK  |y VYP  |7 0  |p 17A0131521  |o snkSB 16720 D1  |i snkKSP 1700/71  |0 0  |1 0  |4 0  |d 1998-04-07  |l 0  |r 2005-01-02 00:00:00  |w 2026-02-23